000 00298nam a22001337a 4500
008 171018b xxu||||| |||| 00| 0 eng d
020 _a0471852627
041 _aeng
080 _22ND
_a338
100 _a53
101 _aMEN
245 _aSTRATEGIC MARKET MANAGEMENT
_cAAKER,D.A
942 _2udc
_cBK
999 _c34700
_d34700